| 000 | 00409nam a2200145 a 4500 | ||
|---|---|---|---|
| 001 | 000031134 | ||
| 005 | 20200930062727.0 | ||
| 008 | 110614s2009 dr c 000 0 spa d | ||
| 040 |
_aDO-SdBNP _bspa _cBNPHU |
||
| 082 |
_axxxx _bF981f |
||
| 245 | 0 | 0 |
_aFundación falcondo : _bmemoria anual 2008. |
| 260 |
_a[Santo Domingo : _bFundación falcondo, _c2009?]. |
||
| 300 |
_a87 p. : _bretrs. ; _c28 p. |
||
| 049 | _aBNPD | ||
| 999 |
_c30626 _d30626 |
||